000 00298nam a22001337a 4500
008 170612b xxu||||| |||| 00| 0 eng d
020 _a9780395369340
041 _aeng
080 _24TH
_a94(7/8)
100 _a19
101 _aSHH
245 _aPORTRAIT OF AMERICA
_cOATES, S.B
942 _2udc
_cBK
999 _c17005
_d17005